[Event "Novorossiysk Small Land Blitz"]
[Site "Novorossiysk"]
[Date "2022.07.17"]
[Round "1"]
[White "Lugovskoy, Maxim"]
[Black "Kotsyuba, Victor"]
[Result "1-0"]
[WhiteElo "2397"]
[BlackElo "1169"]
[PlyCount "41"]
[EventDate "2022.07.17"]
[EventType "swiss (blitz)"]
[EventRounds "13"]
[EventCountry "RUS"]
[SourceTitle "CBM 209 Extra"]
[Source "ChessBase"]
[SourceDate "2022.09.30"]
[SourceVersion "1"]
[SourceVersionDate "2022.09.30"]
[SourceQuality "1"]

1. e4 e5 2. Nf3 Nf6 3. Nc3 Bb4 4. Nxe5 d6 5. Nd3 Bxc3 6. dxc3 Nxe4 7. Be2 0-0 8. 0-0 Nc6 9. Bf3 Nf6 10. Bg5 h6 11. Bh4 Bf5 12. h3 Bxd3 13. cxd3 Ne5 14. d4 Ng6 15. Bg3 c6 16. Re1 Qd7 17. Qd2 Rfe8 18. Rxe8+ Rxe8 19. Re1 d5 20. Be5 Qf5 21. Bg3 1-0